000 01298nam a2200325 a 4500
001 000013148
003 DO-SdBNP
005 20180307131648.0
007 000013148
008 091120s2014 dr a 000 0 spa d
020 _a9945495496
040 _aBPMSU
_bspa
_cBPMSU
092 _axxxx
_bxxxx
100 1 _aCuello del Orbe, Elisa Ysabel
245 1 0 _aCapullito 0 :
_bnivel inicial /
_cElisa Ysabel Cuello del Orbe ; revisado y actualizado Adalgisa Veles ; ilustraciones Ramón L. Sandoval.
250 _a6a. ed. rev. y act.
260 _aSanto Domingo :
_bActualidad escolar 2000,
_c2014.
300 _a164 p. :
_bil. ;
_c22 cm.
490 1 _aAraya
500 _aIncluye el libro del maestro
500 _aEste libro ha sido realizado de acuerdo al curriculum vigente y ha sido sometido a la evaluación y aprobación de la MINERD,(Ministerio de Educación República Dominicana).
505 _gv. 0
_tEl primer día de clases --
_tRicitos de oro --
_tLa fiesta en el jardín --
_tPatito feo --
700 1 _a Veles, Adalgisa,
700 1 2 _aSandoval, Ramón L.,
_4il.
830 0 _aAraya
942 _2ddc
_cBK
945 _aRemanejado para la BNPHU / 2018 VM
956 _aVMATEO
_b10
_c20150728
_lBPMSU
_h00151
956 _aLOPEREZ
_b10
_c20160426
_lBPMSU
_h00041
999 _c8026
_d8026